LDR 01109naa#a2200193#i#450# 001 RU\RIOR\bibl\125073 005 20260629114518.1 011 ## _a2409-6024 100 ## _a20260530b2026####ek#y0rusy0150####ca 102 ## _aRU 200 1# _aО концептуальных основах построения организационно-экономической системы ускоренного внедрения научно-технических инноваций в изделия предприятий ракетно-космической техники _eЖурнальная статья 210 1# _aМосква _cООО "Издательский Центр РИОР" _d2026 215 ## _a5 с. 608 ## _aЖурнальная статья _2local 675 ## _aсмешанные, с участием частного и государственного капитала. 330.322.16 _z 700 #1 _aАзаренко _gЛюдмила Григорьевна 700 #1 _aВеселовский _gМихаил Яковлевич 700 #1 _aМусаев _gРасул Абдуллаевич 856 4# _ariorpub.com _u